00321nam a2200121Ia 4500008004100000041000800041082001400049100002300063245004500086260002700131300003200158365000900190240624s9999 xx 000 0 und d aeng a332.6 THO aTHOMSETT MICHAEL C aWINNING WITH STOCKS THE SMART WAY TO PIC c2008aNew YorkbAMACOM aviii, : 242 : p. : cm. ; 23 cb28